<?xml version="1.0" encoding="UTF-8"?><?xml-stylesheet type="text/xsl" href="static/style.xsl"?><OAI-PMH xmlns="http://www.openarchives.org/OAI/2.0/" xmlns:xsi="http://www.w3.org/2001/XMLSchema-instance" xsi:schemaLocation="http://www.openarchives.org/OAI/2.0/ http://www.openarchives.org/OAI/2.0/OAI-PMH.xsd"><responseDate>2026-06-29T02:43:57Z</responseDate><request verb="GetRecord" identifier="oai:docta.ucm.es:20.500.14352/19517" metadataPrefix="marc">https://docta.ucm.es/rest/oai/request</request><GetRecord><record><header><identifier>oai:docta.ucm.es:20.500.14352/19517</identifier><datestamp>2024-02-23T18:05:42Z</datestamp><setSpec>com_20.500.14352_14</setSpec><setSpec>col_20.500.14352_21</setSpec></header><metadata><record xmlns="http://www.loc.gov/MARC21/slim" xmlns:dcterms="http://purl.org/dc/terms/" xmlns:xsi="http://www.w3.org/2001/XMLSchema-instance" xmlns:doc="http://www.lyncode.com/xoai" xsi:schemaLocation="http://www.loc.gov/MARC21/slim http://www.loc.gov/standards/marcxml/schema/MARC21slim.xsd">
   <leader>00925njm 22002777a 4500</leader>
   <datafield ind2=" " ind1=" " tag="042">
      <subfield code="a">dc</subfield>
   </datafield>
   <datafield ind2=" " ind1=" " tag="720">
      <subfield code="a">Domínguez García, Ángel Carmelo</subfield>
      <subfield code="e">author</subfield>
   </datafield>
   <datafield ind2=" " ind1=" " tag="720">
      <subfield code="a">Gamboa, Sara</subfield>
      <subfield code="e">author</subfield>
   </datafield>
   <datafield ind2=" " ind1=" " tag="720">
      <subfield code="a">García Domínguez, Elena</subfield>
      <subfield code="e">author</subfield>
   </datafield>
   <datafield ind2=" " ind1=" " tag="720">
      <subfield code="a">Castillo, Arvidas</subfield>
      <subfield code="e">author</subfield>
   </datafield>
   <datafield ind2=" " ind1=" " tag="260">
      <subfield code="c">2017</subfield>
   </datafield>
   <datafield ind2=" " ind1=" " tag="520">
      <subfield code="a">La abundancia, corto rango temporal y alta sensibilidad ante cambios ambientales de algunos micromamíferos, en especial muchos roedores,los convierten en una importante herramienta en el desarrollo de la bioestratigrafía de medios continentales y en el estudio de los ambientes presentes y pasados (Andrews, 1990).Las acumulaciones de restos de micromamíferos, originadas principalmente por sus depredadores, entre los que destacan las rapaces nocturnas, pueden llegar a fosilizar dando lugar a yacimientos ricos en pequeños mamíferos (Andrews, 1990). El presente trabajo aborda el estudio de una acumulación de restos de micromamíferos actuales procedentes de egagrópilas de lechuza común (Tyto Alba) con el objetivo de aplicar distintos métodos  de inferencia paleoecológica y comprobar su correspondencia con los datos ambientales actuales.</subfield>
   </datafield>
   <datafield ind1="8" ind2=" " tag="024">
      <subfield code="a">https://hdl.handle.net/20.500.14352/19517</subfield>
   </datafield>
   <datafield ind1="8" ind2=" " tag="024">
      <subfield code="a">http://xvejip-pombal.blogspot.com/</subfield>
   </datafield>
   <datafield ind2="0" ind1="0" tag="245">
      <subfield code="a">Aplicación de métodos paleoecológicos a una asociación actual del clima mediterráneo continentalizado de la península ibérica</subfield>
   </datafield>
</record></metadata></record></GetRecord></OAI-PMH>